Monkey Gone to Heaven - Pixies (All lyrics) - Statistics

General Stats
  • This quiz has been taken 52 times
  • The average score is 166 of 203
Answer Stats
Hint Answer % Correct
Gone
97%
Heaven
97%
The
97%
A
93%
Chorus | Outro This
93%
To
93%
If
90%
Is
90%
Monkey's
90%
Man
87%
An
83%
And
83%
Five
83%
Then
83%
Devil
80%
God
80%
Seven
80%
Six
80%
Verse 1 There
80%
Was
80%
Guy
77%
Got
67%
In
67%
Jersey
63%
Million
63%
New
63%
Sky
63%
Who
63%
From
60%
Pounds
60%
Sea
60%
York
60%
By
57%
Hole
57%
Killed
57%
Of
57%
Sludge
57%
Ten
57%
Not
53%
Sucked
53%
There's
53%
Burn
50%
Cold
50%
Everything
50%
Gonna
50%
Now
50%
Take
50%
All
47%
Controlled
47%
Creature
47%
Ground's
47%
I'll
47%
Underwater
47%
Mine
43%
Turns
43%
We'll
43%
Get
40%
Too
40%
Me
37%
Joe
30%
Bridge/Solo Rock
30%
No matching quizzes found
Score Distribution
Percent of People with Each Score
Percentile by Number Answered
Your Score History
You have not taken this quiz